000 00337nam a2200133Ia 4500
008 240624s9999 xx 000 0 und d
041 _aeng
082 _a658.4063 HAM
100 _aHAMMER MICHAEL
245 _aREENGINEERING THE CORPORATION A MANIFEST
260 _c2006
_aNew York
_bHarperCollins
300 _a272 : p.
365 _c
_b25
999 _c19439
_d19439